Paroles - Does Your Mother Know - ABBA - Statistiques

Statistiques générales
  • Ce quiz a été pris 3 fois
  • Le résultat moyen est 275 sur 361
Statistiques - réponses
Réponse % Correct
a
100%
can
100%
can't
100%
chance
100%
child
100%
hot,
100%
I
100%
like
100%
me
100%
no
100%
Now
100%
on
100%
so
100%
So
100%
take
100%
Take
100%
teasing
100%
the
100%
There's
100%
you
100%
you,
100%
your
100%
You're
100%
you're
100%
And
67%
and
67%
baby
67%
be
67%
blue,
67%
but
67%
But
67%
chat
67%
chick
67%
cool
67%
couldn't
67%
cute,
67%
dance
67%
do
67%
Does
67%
down,
67%
easy,
67%
easy
67%
eyes
67%
Flirt
67%
for
67%
fun
67%
funny
67%
girl,
67%
girl
67%
give
67%
go
67%
honey
67%
If
67%
I'm
67%
in
67%
it
67%
it,
67%
it's
67%
kind
67%
know
67%
know?
67%
little,
67%
look
67%
maybe
67%
maybe...
67%
mean
67%
mother
67%
nice
67%
not
67%
of
67%
one
67%
only
67%
out?
67%
pretty
67%
searching
67%
see
67%
seem
67%
slow
67%
smile
67%
Smile,
67%
something
67%
style
67%
that
67%
That's
67%
think
67%
to
67%
Try
67%
want
67%
way
67%
what
67%
when
67%
with
67%
young
67%
are
33%
Better
33%
face
33%
flash
33%
read
33%
Well
33%
Ah,
0%
driving
0%
feelings
0%
wild
0%
Aucun quiz correspondant
Distribution des résultats
% des personnes avec chaque résultat
Percentile par nombre de réponses
Votre historique - résultats
Vous n’avez pas pris ce quiz